| 000 | 00525nam a22001577a 4500 | ||
|---|---|---|---|
| 008 | 230420b |||||||| |||| 00| 0 eng d | ||
| 040 |
_aNational Science Library _cNational Science Library |
||
| 080 |
_a378:608.3 _bK2 |
||
| 100 |
_aPalmer, Archie M _93326 |
||
| 245 |
_aUniversity research and patent policies, practices and procedures _c/ National Research Council |
||
| 260 |
_aWashington, D. C.: _bNational Research Council, _c1962 |
||
| 300 | _av, 291p. | ||
| 650 | _aScience | ||
| 653 | _aResearch | ||
| 942 |
_2udc _cBK |
||
| 999 |
_c21544 _d21544 |
||